| 000 | 01036nam a2200253Ia 4500 | ||
|---|---|---|---|
| 003 | Ost | ||
| 005 | 20260507075224.0 | ||
| 008 | 260507s9999||||xx |||||||||||||| ||und|| | ||
| 020 | _a11563899579 | ||
| 040 | _cfsecg | ||
| 041 | _aara | ||
| 082 | _a330 | ||
| 100 |
_aالجبوري، صادق علي _eمؤلف |
||
| 245 | 0 |
_aالرياضيات والإقتصاد : _bنظرية و تطبيق / _c صادق علي الجبوري |
|
| 260 |
_aعمان: _bدار جرير, _c2010 |
||
| 300 |
_a187 صفحة؛ _bإيضاحات ؛ _c24 سم |
||
| 504 | _aمراجع ص.187 | ||
| 520 | _aالمجموعات ، الدوال و الاسس ،اشتقاق الدوال ، المصفوفات ، التكامل ، البرمجة الخطية ، نظرية نسيج العنكبوت ، نظرية المستخدم ــ المنتج. | ||
| 653 | _aالاقتصاد | ||
| 653 | _aالإقتصاد الرياضي | ||
| 653 | _aالرياضيات | ||
| 700 |
_aالعذاري، عدنان داود _eمؤلف ثانوي |
||
| 942 | _cكتاب | ||
| 999 |
_c43532 _d43532 |
||